| 000 | 00391nam a2200157Ia 4500 | ||
|---|---|---|---|
| 008 | 210716s2000 xx 000 0 und d | ||
| 020 | _a8173713332 | ||
| 041 | _aeng | ||
| 082 | _a658.38 BELA | ||
| 100 | _aBell, Adryan. | ||
| 245 | _aTransforming your workplace. | ||
| 250 | _a1 | ||
| 260 |
_aHyderabad _bUniversities Press _c2000 |
||
| 300 | _a86 | ||
| 650 | _aHuman Resource Management | ||
| 999 |
_c205389 _d205389 |
||